[Event "Tel Aviv"]
[Site "Tel Aviv"]
[Date "1988.??.??"]
[Round "?"]
[White "Blees, Albert"]
[Black "Shrentzel, Israel"]
[Result "0-1"]
[WhiteElo "2390"]
[BlackElo "2385"]

1.d4 Nf6 2.Nf3 g6 3.c4 Bg7 4.Nc3 O-O 5.e4 d6 6.Be2 Nbd7 7.O-O e5 8.Qd2 c6
9.Rd1 exd4 10.Nxd4 Qe7 11.Bf1 Nc5 12.f3 Nh5 13.Qf2 f5 14.exf5 gxf5 15.Nde2 f4
16.b4 Nd7 17.Bb2 Ne5 18.Nd4 a6 19.Re1 Bf6 20.Qe2 Qg7 21.Ne4 Nxf3+ 22.Qxf3 Bxd4+
23.Bxd4 Qxd4+ 24.Kh1 Nf6 25.Rad1 Qe5 26.Nxd6 Qg5 27.Rd4 Ng4 28.Ree4 Qh4 29.h3 Nf2+
30.Kg1 Nxe4 31.Rxe4 c5 32.Re5 Qf6 33.Qd5+ Kh8 34.bxc5 Bd7 35.Rh5 Bc6 36.Qd3 Qg7
37.h4 f3 38.Nf5 Qe5 39.Ng3 Qe7 40.Kh2 fxg2 41.Bxg2 Bxg2 42.Kxg2 Rad8 43.Qc3+ Qf6
44.Qc2 Rf7 45.Rg5 Qd4 46.h5 Rdf8  0-1

[Event "Tel Aviv"]
[Site "Tel Aviv"]
[Date "1988.??.??"]
[Round "?"]
[White "Lahav, Ehud"]
[Black "Stepak, Yedael"]
[Result "1-0"]
[WhiteElo "2340"]
[BlackElo "2355"]

1.d4 Nf6 2.Nf3 g6 3.c4 Bg7 4.Nc3 d6 5.e4 O-O 6.Be2 e5 7.O-O exd4 8.Nxd4 Re8
9.f3 c6 10.Nc2 d5 11.cxd5 cxd5 12.exd5 Bf5 13.Ne3 Bd7 14.Kh1 Na6 15.Nc4 Qc7
16.a4 Nb4 17.Be3 Bf5 18.Rc1 h5 19.Qd2 Qd7 20.d6 Qe6 21.Rfe1 b6 22.Bf1 Qd7
23.Nb5 Nbd5 24.Bg5 Rxe1 25.Rxe1 Qb7 26.Ne5 a6 27.Nc3 Nxc3 28.bxc3 b5 29.c4 Rc8
30.cxb5 axb5 31.Bxb5 Rc2 32.Qa5 Ng4 33.d7 Bxd7 34.Qd8+ Kh7 35.Qxd7 Rc7 36.fxg4 Rxd7
37.Nxd7 Bc3 38.Rf1 Qd5 39.Bf6  1-0

[Event "Thessaloniki ol (Women)"]
[Site "Thessaloniki"]
[Date "1988.??.??"]
[Round "?"]
[White "Litinskaya, Marta I"]
[Black "Arribas, Maritza"]
[Result "0-1"]
[WhiteElo "2415"]
[BlackElo "2105"]

1.d4 Nf6 2.c4 g6 3.Nc3 Bg7 4.e4 d6 5.Nf3 O-O 6.Be2 e5 7.d5 Nbd7 8.Bg5 h6
9.Bh4 Re8 10.Nd2 Nf8 11.O-O g5 12.Bg3 Ng6 13.b4 c6 14.Rc1 Qb6 15.dxc6 bxc6
16.a3 Qd8 17.Nb3 Be6 18.Re1 Qd7 19.Rc2 Rad8 20.Rd2 Qe7 21.Bf1 h5 22.f3 g4
23.Na5 Qc7 24.Bf2 gxf3 25.gxf3 h4 26.Be3 Nh5 27.Rc2 Ngf4 28.Nd5 cxd5 29.cxd5 Qd7
30.dxe6 fxe6 31.Nc6 Ra8 32.b5 d5 33.a4 Qf7 34.a5 d4 35.Bf2 Bf8 36.Kh1 Kh7
37.a6 Rac8 38.Qb1 Nd3 39.Qd1 Nxe1 40.Bxe1 Bd6  0-1

[Event "Thessaloniki ol (Men)"]
[Site "Thessaloniki"]
[Date "1988.??.??"]
[Round "1"]
[White "Thorhallsson, Throstur"]
[Black "Freyre, Jorge"]
[Result "1-0"]
[WhiteElo "2410"]
[BlackElo "2260"]

1.d4 Nf6 2.c4 g6 3.Nc3 Bg7 4.e4 d6 5.Nf3 O-O 6.Be2 e5 7.O-O Nbd7 8.Qc2 c6
9.Rd1 Qc7 10.b3 Re8 11.d5 c5 12.Nb5 Qd8 13.Ne1 a6 14.Nc3 Rf8 15.Be3 Ne8 16.Bd3 Ndf6
17.f3 Nh5 18.b4 b6 19.Rab1 Qc7 20.bxc5 bxc5 21.Qb3 Nf4 22.Bf1 f5 23.Qb6 Qd7
24.Qc6 Ra7 25.Rb8 Rc7 26.Qxd7 Bxd7 27.Rdb1 Bh6 28.Nc2 g5 29.R1b6 Bc8 30.Rc6 Rxc6
31.dxc6 Nc7 32.Nd5 Nfxd5 33.cxd5 fxe4 34.fxe4 Kg7 35.Na3 Bg4 36.Rb2 Rf7 37.Nc4 Ne8
38.Bxc5 dxc5 39.Nxe5  1-0

[Event "Thessaloniki ol (Men)"]
[Site "Thessaloniki"]
[Date "1988.??.??"]
[Round "2"]
[White "Hernandez, Roman"]
[Black "Schlosser, Michael"]
[Result "1-0"]
[WhiteElo "2430"]
[BlackElo "2380"]

1.d4 Nf6 2.Nf3 g6 3.c4 Bg7 4.Nc3 O-O 5.e4 d6 6.Be2 e5 7.O-O exd4 8.Nxd4 Re8
9.f3 c6 10.Kh1 Nbd7 11.Bg5 Qa5 12.Bd2 Qd8 13.Nb3 Nb6 14.Rc1 Be6 15.Na5 Qe7
16.b4 Rad8 17.b5 Rc8 18.bxc6 bxc6 19.c5 dxc5 20.Ba6 Rc7 21.Bf4 Nh5 22.Bd6 Qd8
23.g4 Rd7 24.Nxc6 Qa8 25.gxh5 Bxc3 26.Ne7+ Rexe7 27.Rxc3 Qc6 28.Bxe7 Rxd1
29.Rxd1 Nd7 30.Rd6 Qa4 31.h6 Qxa2 32.Rxc5 f6 33.Rxe6 Nxc5 34.Rxf6 Qb1+ 35.Kg2 Qb2+
36.Kh3 Nd7 37.Bc4+ Kh8 38.Rc6 Qb8 39.Be6  1-0

[Event "Thessaloniki ol (Men)"]
[Site "Thessaloniki"]
[Date "1988.??.??"]
[Round "2"]
[White "Quendro, Llambi"]
[Black "Knaak, Rainer"]
[Result "1/2-1/2"]
[WhiteElo "2295"]
[BlackElo "2500"]

1.d4 Nf6 2.c4 d6 3.Nc3 Nbd7 4.e4 e5 5.Nf3 g6 6.Be2 Bg7 7.O-O O-O 8.Re1 c6
9.Bf1 exd4 10.Nxd4 Ng4 11.Qxg4 Bxd4 12.Qg3 Nf6 13.Bg5 Qa5 14.Bxf6 Bxf6 15.Qxd6 Be5
16.Qd2 Rd8 17.Qc2 Be6 18.Rad1 Rd4 19.Rxd4 Bxd4 20.Rd1 Qe5 21.Qd3 Rd8 22.Qg3 Qc5
23.b3 Kg7 24.Rd3 b5 25.cxb5 cxb5 26.Nxb5 Be5 27.Qe3 Qxe3 28.Rxe3 Rd1 29.h3 a5
30.Na3 Ra1 31.Re2 Kf6 32.Nc4 Bxc4 33.bxc4 Rc1 34.Rd2 Bc3 35.Rd5 Rc2 36.a4 Be1
37.f4 Bg3 38.Rxa5 Bxf4 39.Rd5 Be3+ 40.Kh2 Bf4+ 41.Kg1 Be3+ 42.Kh2 Bf4+  1/2-1/2

[Event "Thessaloniki ol (Men)"]
[Site "Thessaloniki"]
[Date "1988.??.??"]
[Round "3"]
[White "Kouatly, Bachar"]
[Black "Gunawan, Ronny"]
[Result "0-1"]
[WhiteElo "2440"]
[BlackElo "2440"]

1.d4 Nf6 2.c4 g6 3.Nc3 Bg7 4.e4 d6 5.Nf3 O-O 6.Be2 e5 7.d5 a5 8.h4 h5 9.Bg5 Na6
10.Nh2 Qe8 11.Qd2 Nh7 12.Bh6 Qe7 13.Nf1 Bxh6 14.Qxh6 Qf6 15.g3 Qg7 16.Qxg7+ Kxg7
17.b3 Bd7 18.a3 Nc5 19.Nd2 Kh6 20.O-O f5 21.b4 Nxe4 22.Ndxe4 fxe4 23.Nxe4 Bh3
24.Rfc1 Bf5 25.Nc3 g5 26.Nd1 gxh4 27.gxh4 Bg4 28.Bxg4 hxg4 29.c5 Nf6 30.cxd6 cxd6
31.Ne3 Kh5 32.Rc4 b5 33.Rcc1 Ne4 34.Nd1 Kxh4 35.bxa5 Rxa5 36.Rcb1 Nd2 37.Rb4 Rf4
38.Rb2 Nc4 39.Rb3 Rf3 40.Rb4 Raxa3 41.Rxa3 Rxa3 42.Kf1 Rd3 43.Ke1 Rxd5 44.Nc3 Rd3
45.Nxb5 d5 46.Nc7 Na3 47.Ke2 e4 48.Ne6 Nc2 49.Rb8 Nd4+ 50.Nxd4 Rxd4 51.Rh8+ Kg5
52.Rg8+ Kf5 53.Rf8+ Ke5 54.Re8+ Kd6 55.Rg8 Ra4 56.Rxg4 Ra2+ 57.Ke3 Ra3+ 58.Ke2 Ke5
59.Rg8 Kd4 60.Rb8 Ra2+ 61.Ke1 Kd3 62.Rb3+ Kc2 63.Rb8 d4 64.Rc8+ Kd3 65.Kf1 Ra1+
66.Kg2 Re1 67.Rc7 Kd2 68.Rc8 d3 69.Rc4 Kd1 70.Rc8 d2 71.Rc3 e3 72.fxe3 Ke2  0-1

[Event "Thessaloniki ol (Men)"]
[Site "Thessaloniki"]
[Date "1988.??.??"]
[Round "3"]
[White "Tisdall, Jonathan D"]
[Black "Rosseli, M."]
[Result "1/2-1/2"]
[WhiteElo "2460"]
[BlackElo "2275"]

1.d4 Nf6 2.c4 g6 3.Nc3 Bg7 4.e4 d6 5.Be2 O-O 6.Nf3 e5 7.Be3 Qe7 8.dxe5 dxe5
9.O-O Nc6 10.Nd5 Nxd5 11.cxd5 Nd4 12.Nxd4 exd4 13.Bxd4 Qxe4 14.Bxg7 Kxg7
15.Bf3 Qe5 16.Rc1 Re8 17.Qc2 Re7 18.Qd2 Qd6 19.Rc4 h5 20.h3 Bf5 21.Qc3+ f6
22.Rc1 Rc8 23.Qb4 Rce8 24.g4 hxg4 25.hxg4 Bd3 26.Qxd6 cxd6 27.Rc7 Kf7 28.Kg2 Rxc7
29.Rxc7+ Re7 30.Rc8 Re8 31.Rc3 Bb1 32.Ra3 a6 33.Rb3 Re7 34.Rb6 Rd7 35.a3 Bc2
36.Kg3 g5 37.Rb4 Rc7 38.Rb6 Ke7 39.Rb4 Kf7 40.a4 Ke7 41.Be4 a5 42.Rd4 Kf7
43.b4  1/2-1/2

[Event "Thessaloniki ol (Men)"]
[Site "Thessaloniki"]
[Date "1988.??.??"]
[Round "4"]
[White "Vera, Reynaldo"]
[Black "Belli, Mario"]
[Result "1-0"]
[WhiteElo "2455"]
[BlackElo "2200"]

1.d4 Nf6 2.c4 g6 3.Nc3 Bg7 4.e4 d6 5.Nf3 O-O 6.Be2 e5 7.O-O Nbd7 8.Qc2 exd4
9.Nxd4 Re8 10.Rd1 Nc5 11.f3 a5 12.Ndb5 Bd7 13.Be3 Qb8 14.Qd2 Bc6 15.Rac1 b6
16.Bh6 Qb7 17.Bxg7 Kxg7 18.Nd5 Bxd5 19.cxd5 Kg8 20.Nd4 Nfd7 21.Bb5 Rad8 22.b3 Rf8
23.a3 Ne5 24.b4 axb4 25.axb4 Ncd7 26.Nc6 Nf6 27.Nxd8 Rxd8 28.Qc3  1-0

[Event "Thessaloniki ol (Men)"]
[Site "Thessaloniki"]
[Date "1988.??.??"]
[Round "5"]
[White "Tatai, Stefano"]
[Black "Minero Pineda, Sergio"]
[Result "1-0"]
[WhiteElo "2365"]
[BlackElo "2200"]

1.d4 Nf6 2.Nf3 g6 3.c4 Bg7 4.Nc3 O-O 5.e4 d6 6.Be2 e5 7.Be3 Ng4 8.Bg5 f6
9.Bh4 Nc6 10.d5 Ne7 11.Nd2 Nh6 12.f3 g5 13.Bf2 f5 14.g4 fxg4 15.fxg4 Ng6
16.h3 Nf4 17.Rh2 Qf6 18.Nf1 Nxh3 19.Bg3 Bxg4 20.Ne3 Bxe2 21.Nxe2 Nf4 22.Nc3 a6
23.Kd2 Qg6 24.Qh1 Rf7 25.Rg1 Raf8 26.Ncd1 b5 27.Bh4 gxh4 28.Rxh4 Qxg1 29.Qxg1 Ng6
30.Rh5 Rf4 31.Qh1 Nf7 32.Nf5 h6 33.Qg2 Kh7 34.Nde3 Ng5 35.Qxg5  1-0

[Event "Thessaloniki ol (Men)"]
[Site "Thessaloniki"]
[Date "1988.??.??"]
[Round "7"]
[White "Pinter, Jozsef"]
[Black "Ginting, Nasib"]
[Result "1/2-1/2"]
[WhiteElo "2555"]
[BlackElo "2385"]

1.d4 Nf6 2.c4 g6 3.Nc3 Bg7 4.e4 d6 5.Be2 O-O 6.Nf3 Nbd7 7.O-O e5 8.Be3 c6
9.Qc2 Qe7 10.Rad1 exd4 11.Bxd4 Nc5 12.Nd2 Re8 13.Rfe1 Bh6 14.Bf3 Ne6 15.Be3 Bxe3
16.Rxe3 Nd7 17.g3 Nd4 18.Qb1 Nxf3+ 19.Nxf3 Ne5 20.Nd2 Be6 21.b3 g5 22.Qa1 Qf6
23.f3 Ng6 24.Kh1 Rad8 25.Rde1 Kh8 26.Qd1 Re7 27.Qe2 Red7 28.Rf1 Bh3 29.Rc1 Re7
30.Nf1 Qe5 31.Re1 f6 32.Nd1 Nf4 33.gxf4 gxf4 34.Rd3 Rg7 35.Nde3 fxe3 36.Nxe3 Rdg8
37.Rd2 Qf4 38.Qf2 Be6 39.Rdd1 Qe5 40.Qd2 Qf4 41.Qf2 Bh3 42.Re2 Rg4 43.Red2 Rh4
44.Rg1 Rxg1+ 45.Kxg1 Qg5+ 46.Kh1 Kg7 47.Rd1 Kf7 48.Qe2 h5 49.b4 Qe5 50.Rg1  1/2-1/2

[Event "Thessaloniki ol (Men)"]
[Site "Thessaloniki"]
[Date "1988.??.??"]
[Round "7"]
[White "Kouatly, Bachar"]
[Black "Martin del Campo, Jorge"]
[Result "1/2-1/2"]
[WhiteElo "2440"]
[BlackElo "2395"]

1.d4 Nf6 2.c4 g6 3.Nc3 Bg7 4.e4 d6 5.Nf3 O-O 6.Be2 e5 7.d5 a5 8.h4 Na6 9.Nd2 h5
10.f3 c6 11.Nf1 Nc5 12.Be3 cxd5 13.cxd5 Bd7 14.Nd2 a4 15.Nc4 Qc7 16.Na3 Rfc8
17.Nab5 Qb6 18.Rb1 Ra5 19.Na3 Qc7 20.Qd2 Bf8 21.O-O Be7 22.Rfc1 Ne8 23.g3 f5
24.Ncb5 Qd8 25.Bxc5 Rxc5 26.Rxc5 dxc5 27.Qh6 Kf7 28.d6 Bxb5 29.Nxb5 Nxd6
30.Qh7+ Kf6 31.Nxd6 Bxd6 32.Bc4 Qf8 33.Qxb7 Ra8 34.Rd1 Rd8 35.Kg2 Qe7 36.Qa6 Kg7
37.Qxa4 f4 38.Qc6 fxg3 39.Kxg3 Qf6 40.a4 g5 41.Qb7+ Kg6 42.hxg5 Qxg5+ 43.Kh3 Be7
44.Rxd8 Bxd8 45.Qf7+ Kh6 46.Qf8+ Kh7 47.Qf5+ Kh6 48.Qf8+ Kh7 49.Qf5+ Kh6
50.f4 Qxf4 51.Qxf4+ exf4 52.e5 Kg5 53.e6 Kf6 54.Kh4 Ba5 55.Kxh5 f3 56.Kg4 f2
57.Kf3 f1=Q+ 58.Bxf1 Kxe6  1/2-1/2

[Event "Thessaloniki ol (Men)"]
[Site "Thessaloniki"]
[Date "1988.??.??"]
[Round "8"]
[White "Wirthensohn, Heinz"]
[Black "Watson, William N"]
[Result "0-1"]
[WhiteElo "2385"]
[BlackElo "2500"]

1.Nf3 Nf6 2.c4 g6 3.Nc3 Bg7 4.e4 d6 5.d4 O-O 6.Be2 e5 7.Be3 c6 8.d5 Ng4 9.Bg5 f6
10.Bh4 c5 11.Nd2 h5 12.a3 Qd7 13.b4 Na6 14.Rb1 f5 15.O-O f4 16.Nf3 Bf6 17.Bxf6 Nxf6
18.Ne1 g5 19.Nd3 b6 20.f3 g4 21.Qa4 Qe7 22.bxc5 bxc5 23.Kh1 Nh7 24.Qc6 Rb8
25.fxg4 hxg4 26.Bxg4 Bxg4 27.Qxa6 Rxb1 28.Rxb1 f3 29.Nf2 fxg2+ 30.Kg1 Qf6
31.Rb2 Ng5  0-1

[Event "Thessaloniki ol (Men)"]
[Site "Thessaloniki"]
[Date "1988.??.??"]
[Round "11"]
[White "Danner, Georg"]
[Black "Ferreira, A."]
[Result "1/2-1/2"]
[WhiteElo "2400"]
[BlackElo "2300"]

1.d4 Nf6 2.c4 g6 3.Nc3 Bg7 4.e4 d6 5.Nf3 O-O 6.Be2 e5 7.d5 a5 8.Bg5 h6 9.Bh4 Na6
10.Nd2 Qe8 11.O-O Nh7 12.a3 h5 13.f3 Bd7 14.b3 Bh6 15.Kh1 Be3 16.Ra2 Bd4
17.Qc2 f5 18.exf5 gxf5 19.Nb5 Bc5 20.Bf2 Bxf2 21.Rxf2 Qg6 22.f4 exf4 23.Rxf4 Rae8
24.Nd4 Nf6 25.Ra1 Qg5 26.Raf1 Ng4 27.Bxg4 fxg4 28.g3 Rxf4 29.gxf4 Qf6 30.f5 Re3
31.Ne6 Nc5 32.Nxc5 dxc5 33.Ne4 Qe5 34.Ng3 Re1 35.Rxe1 Qxe1+ 36.Kg2 h4 37.Nf1 Qe5
38.Qf2 h3+ 39.Kg1 Bxf5 40.Qxc5 Qe4 41.Qf2 Bg6 42.Qd2  1/2-1/2

[Event "Thessaloniki ol (Men)"]
[Site "Thessaloniki"]
[Date "1988.??.??"]
[Round "13"]
[White "Zueger, Beat"]
[Black "McNab, Colin Anderson"]
[Result "0-1"]
[WhiteElo "2445"]
[BlackElo "2410"]

1.d4 d6 2.Nf3 g6 3.c4 Bg7 4.Nc3 Nd7 5.e4 e5 6.Be2 Ngf6 7.O-O O-O 8.Qc2 c6
9.Rd1 Qc7 10.d5 cxd5 11.cxd5 a6 12.a4 Nc5 13.Nd2 Bg4 14.Bxg4 Nxg4 15.Nb3 Nxb3
16.Qxb3 f5 17.h3 Nf6 18.Be3 Qd7 19.f3 Nh5 20.Rac1 Rf7 21.exf5 gxf5 22.Ne2 Bf6
23.Rc4 Kh8 24.Bb6 Rg8 25.Kh2 Rfg7 26.Rg1 Bd8 27.Bxd8 Qxd8 28.Qc2 f4 29.Nc3 Ng3
30.Ne2 Nf1+ 31.Rxf1 Rxg2+ 32.Kh1 Qg5 33.Rc7 Rh2+  0-1

[Event "CSR-ch"]
[Site "Trinec"]
[Date "1988.??.??"]
[Round "4"]
[White "Gross, Stefan"]
[Black "Vokac, Marek"]
[Result "1-0"]
[WhiteElo "2420"]
[BlackElo "2450"]

1.Nf3 Nf6 2.c4 g6 3.Nc3 Bg7 4.e4 d6 5.d4 O-O 6.Be2 e5 7.Be3 Ng4 8.Bg5 f6
9.Bh4 g5 10.Bg3 Nh6 11.d5 a5 12.Nd2 Na6 13.a3 Bd7 14.O-O Qe8 15.b3 Nc5 16.b4 Na4
17.Nxa4 Bxa4 18.Qc1 f5 19.f3 f4 20.Be1 Bd7 21.h3 Bf6 22.c5 axb4 23.axb4 Rxa1
24.Qxa1 Bb5 25.Nc4 Qa8 26.Bc3 Nf7 27.Qb2 Qe8 28.Ra1 h5 29.Na5 b6 30.Nb3 Nh6
31.Ra7 Bxe2 32.Qxe2 bxc5 33.bxc5 Qb8 34.Ra3 g4 35.hxg4 hxg4 36.fxg4 Qc8 37.c6 Bh4
38.Ra7 Bg3 39.Ba5 Qd8 40.Nd2 Qh4 41.Nf3 Qxg4 42.Bxc7 Qg6 43.Bb6 Ng4 44.c7 Ne3
45.Ra4 Qh6 46.Qa6 Qg7 47.Bxe3 Qxc7 48.Rc4 Qb8 49.Bb6 Qa8 50.Qxa8 Rxa8 51.Bf2 Ra2
52.Bxg3 fxg3 53.Rc1 Kf7 54.Nh4 Kf6 55.Nf5 Kg5 56.Nxd6 Re2 57.Rd1 Kf4 58.Nf7  1-0

[Event "CSR-ch"]
[Site "Trinec"]
[Date "1988.??.??"]
[Round "10"]
[White "Pekarek, Ales"]
[Black "Plachetka, Jan"]
[Result "0-1"]
[WhiteElo "2455"]
[BlackElo "2400"]

1.d4 Nf6 2.c4 g6 3.Nc3 Bg7 4.e4 d6 5.Be2 O-O 6.Nf3 e5 7.O-O exd4 8.Nxd4 Re8
9.f3 c6 10.Nc2 a6 11.Bf4 d5 12.cxd5 cxd5 13.exd5 b5 14.Kh1 Bb7 15.Bg5 h6
16.Bxf6 Bxf6 17.a4 Bxc3 18.bxc3 Qxd5 19.Bd3 bxa4 20.Nd4 Nd7 21.Be4 Rxe4 22.fxe4 Qxe4
23.Nf3 Nc5 24.Qd6 Rc8 25.Rae1 Qd5 26.Qf6 Ne4 27.Qh4 Kg7 28.Rd1 Qe6 29.Qf4 Rxc3
30.Nd4 Qf6 31.Qb8 Qe7 32.Kg1 a3 33.Rde1 Rc4 34.Nf3 Rc2 35.Qe5+ Qxe5 36.Nxe5 Bd5
37.Nd3 Nc3 38.Nf4 Be4 39.Rf2 Rxf2 40.Kxf2 Bb1  0-1

[Event "Tirnavia-B"]
[Site "Trnava"]
[Date "1988.??.??"]
[Round "5"]
[White "Robatsch, Karl"]
[Black "Vokac, Marek"]
[Result "1/2-1/2"]
[WhiteElo "2415"]
[BlackElo "2410"]

1.Nf3 Nf6 2.c4 g6 3.Nc3 Bg7 4.e4 d6 5.d4 O-O 6.Be2 e5 7.dxe5 dxe5 8.Qxd8 Rxd8
9.Bg5 Re8 10.Nd5 Nxd5 11.cxd5 c6 12.Bc4 cxd5 13.Bxd5 Nc6 14.Bxc6 bxc6 15.Nd2 Be6
16.O-O-O h6 17.Be3 f5 18.f3 f4 19.Bc5 Bf8 20.Bxf8 Kxf8 21.Nb3 Bxb3 22.axb3 Ke7
23.Kc2 a5 24.Rd3 a4 25.Rhd1 axb3+ 26.Kc3 Kf6 27.Rd6+ Re6 28.Kxb3 Rb8+ 29.Kc3 Rb5
30.R1d2 g5 31.Kc4 Ra5 32.b4 Ra1 33.Rd1 Ra2 34.R6d2 Ra3 35.Rc2 g4 36.Rd3 Ra1
37.Kc5  1/2-1/2

[Event "SVK-ch"]
[Site "Trnava"]
[Date "1988.??.??"]
[Round "6"]
[White "Ac, Michal"]
[Black "Tibensky, Robert"]
[Result "1/2-1/2"]
[WhiteElo "2260"]
[BlackElo "2400"]

1.d4 Nf6 2.c4 g6 3.Nc3 Bg7 4.e4 d6 5.Nf3 O-O 6.Be2 Nbd7 7.O-O e5 8.Be3 Ng4
9.Bg5 f6 10.Bh4 Nh6 11.dxe5 dxe5 12.Qc2 Nf7 13.Rfd1 c6 14.b4 h5 15.h3 a5
16.a3 axb4 17.axb4 Rxa1 18.Rxa1 Qe7 19.c5 Rd8 20.Bc4 Nf8 21.Ra8 Ne6 22.Qa2 Bd7
23.Nxe5 Nxe5 24.Rxd8+ Qxd8 25.Bxe6+ Kh7 26.Qd2 Qe8 27.Bxd7 Nxd7 28.Bg3 Ne5
29.f3 Qe6 30.Qa2 Qe7 31.Na4 Qd7 32.Kh2 f5 33.Qc2 Nd3 34.exf5 Qxf5 35.Qc4 Be5
36.Qh4 Bxg3+ 37.Qxg3 Nxb4 38.Qc7+ Kh6 39.Kg1  1/2-1/2

[Event "Tirnavia-C"]
[Site "Trnava"]
[Date "1988.??.??"]
[Round "12"]
[White "Duriga, Stefan"]
[Black "Lanka, Zigurds"]
[Result "0-1"]
[WhiteElo "2310"]
[BlackElo "2390"]

1.d4 Nf6 2.Nf3 g6 3.c4 Bg7 4.Nc3 d6 5.e4 O-O 6.Be2 e5 7.dxe5 dxe5 8.Qxd8 Rxd8
9.Bg5 Rf8 10.Nxe5 Nxe4 11.Nxe4 Bxe5 12.O-O-O Nd7 13.f4 Bg7 14.Bf3 f6 15.Bh4 Bh6
16.Rxd7 Bxd7 17.Nxf6+ Kg7 18.Nxd7 Rxf4 19.Kb1 Rxh4 20.Bxb7 Re8 21.Bd5 c6
22.Bxc6 Rxc4 23.Bb5 Rb4 24.a4 a6 25.Bxa6 Rxa4 26.Bd3 Rd4 27.Nc5 Re5  0-1

[Event "URS-ch otbor56"]
[Site "Uzhgorod"]
[Date "1988.??.??"]
[Round "?"]
[White "Yanvarjov, Igor"]
[Black "Loginov, Valery A"]
[Result "0-1"]
[WhiteElo "2365"]
[BlackElo "2455"]

1.d4 Nf6 2.c4 g6 3.Nc3 Bg7 4.e4 d6 5.Nf3 O-O 6.Be2 e5 7.d5 a5 8.Bg5 h6 9.Bh4 Qe8
10.Nd2 Na6 11.O-O Nh7 12.a3 Bd7 13.Nb5 h5 14.f3 Bh6 15.Kh1 Qb8 16.Rb1 Nc5
17.b4 axb4 18.axb4 Na4 19.Qc2 c6 20.dxc6 bxc6 21.Nc3 Nxc3 22.Qxc3 Be6 23.Rfd1 Ra2
24.Bf1 Rc8 25.Nb3 Ra3 26.Qe1 Qc7 27.Qc3 Rca8 28.Ra1 Bf8 29.Bf2 Nf6 30.Rxa3 Rxa3
31.Ra1 Rxa1 32.Qxa1 d5 33.exd5 cxd5 34.c5 d4 35.Qa5 Qb8 36.Nd2 Nd5 37.Bb5 Nxb4
38.Qxb4 Bd7 39.Bg3 Qxb5 40.Qxb5 Bxb5 41.Bxe5 Bxc5 42.Nb3 d3 43.Bf4 Bb6 44.h4 f6
45.Kh2 Kf7 46.Nd2 Ke6 47.g3 Kd5 48.Kg2 Kd4 49.Ne4 f5 50.Nd2 Kc3 51.g4 fxg4
52.fxg4 hxg4 53.Kg3 Bd7 54.Ne4+ Kc2 55.Nf6 Be6 56.Nxg4 d2 57.Bxd2 Kxd2 58.Kf3 Bd8
59.Ne5 Bf5 60.Kf4 Bc2 61.Kg4 Ke3  0-1

[Event "Val Maubuee"]
[Site "Val Maubuee"]
[Date "1988.??.??"]
[Round "?"]
[White "Dussol, Pierre"]
[Black "Apicella, Manuel"]
[Result "1/2-1/2"]
[WhiteElo "2240"]
[BlackElo "2355"]

1.d4 Nf6 2.c4 g6 3.Nc3 Bg7 4.e4 d6 5.Be2 O-O 6.Nf3 e5 7.O-O Nbd7 8.Qc2 c6
9.Rd1 exd4 10.Nxd4 Re8 11.Bf4 Qe7 12.f3 Nh5 13.Be3 f5 14.Bf2 f4 15.b4 Be5
16.b5 c5 17.Nb3 Nb6 18.Rab1 Qg7 19.Nd5 Be6 20.Nc1 Nxd5 21.cxd5 Bd7 22.Nd3 Bf6
23.Nb2 Rad8 24.Nc4 Bc8 25.b6 a6 26.g4 fxg3 27.hxg3 g5 28.Kg2 Nf4+ 29.gxf4 gxf4+
30.Kf1 Bh3+ 31.Ke1 Bc3+ 32.Nd2 Rc8 33.Bf1 Bd7 34.Bc4 Bd4 35.Ke2 Bxf2 36.Kxf2 Kf7
37.Qb2 Qg3+ 38.Ke2 Re5 39.Rg1 Qh2+ 40.Kd3 Qf2 41.Rbe1 Rg8 42.Rgf1 Qg2 43.Re2 Qg3
44.Kc2 h5 45.Bd3 Qh3 46.Qc1 Bb5 47.Nc4 Bxc4 48.Bxc4 Qg3 49.Qd2 h4 50.Rh2 h3
51.Rff2 Rh8 52.Bf1 Ke7 53.Qe2 Reh5 54.Bxh3 Rxh3 55.Rhg2 Qh4 56.Rg7+ Kf6 57.Rfg2 Rg3
58.Rxb7 Qh1 59.Rf2 Qa1 60.Kb3 Kg6  1/2-1/2

[Event "Val Maubuee"]
[Site "Val Maubuee"]
[Date "1988.??.??"]
[Round "?"]
[White "Pergericht, Daniel"]
[Black "Apicella, Manuel"]
[Result "1/2-1/2"]
[WhiteElo "2325"]
[BlackElo "2355"]

1.d4 Nf6 2.c4 d6 3.Nf3 g6 4.Nc3 Bg7 5.e4 O-O 6.Be2 e5 7.O-O Nbd7 8.Be3 Ng4
9.Bg5 f6 10.Bd2 Nh6 11.dxe5 fxe5 12.Bg5 Nf6 13.c5 Be6 14.cxd6 cxd6 15.Nd2 Rc8
16.Qa4 a6 17.Qb4 Nf7 18.Bxf6 Qxf6 19.Qxb7 Rb8 20.Qxa6 Rxb2 21.Nc4 Rc2 22.Rac1 Rxc1
23.Rxc1 Ng5 24.f3 Nh3+ 25.Kh1 Nf2+ 26.Kg1 Nh3+ 27.Kh1 Nf2+  1/2-1/2

[Event "Val Maubuee"]
[Site "Val Maubuee"]
[Date "1988.??.??"]
[Round "?"]
[White "Mercier, Jean Pierre"]
[Black "Bilek, Istvan"]
[Result "1/2-1/2"]
[WhiteElo "2245"]
[BlackElo "2410"]

1.Nf3 g6 2.d4 Nf6 3.c4 Bg7 4.Nc3 O-O 5.e4 d6 6.Be2 Nbd7 7.O-O e5 8.Be3 a6
9.Qc2 exd4 10.Nxd4 Ne5 11.h3 Re8 12.Rad1 Bd7 13.Rfe1 Qc8 14.Nd5 Nc6  1/2-1/2

[Event "Val Maubuee op"]
[Site "Val Maubuee"]
[Date "1988.??.??"]
[Round "?"]
[White "Mounier, P."]
[Black "Nonnenmacher, D."]
[Result "0-1"]
[WhiteElo "1930"]
[BlackElo "1670"]

1.d4 Nf6 2.c4 g6 3.Nc3 Bg7 4.e4 d6 5.Nf3 O-O 6.Be2 Nbd7 7.O-O e5 8.d5 h6
9.h3 Nh7 10.Be3 f5 11.exf5 gxf5 12.Nh2 f4 13.Bd2 Ng5 14.Bg4 Nf6 15.Re1 Nxg4
16.Nxg4 f3 17.Ne4 Nxh3+ 18.gxh3 Bxg4 19.hxg4 Qh4 20.Re3 Qh3 21.Qf1 Qxg4+
22.Kh2 Rf4 23.Qh3 Rxe4 24.Rxe4 Qxe4 25.Rg1 Kh7 26.Rg4 Qd3 27.Qh5 Rf8 28.Rxg7+ Kxg7
29.Bxh6+ Kh7 30.Bxf8+ Kg8 31.Qh6 Qh7 32.Qxh7+ Kxh7 33.Kg3 Kg8 34.Bh6 Kf7
35.Kxf3 Ke7 36.b4 Kd7 37.a4 b6 38.b5 Kc8 39.Ke4 Kb7 40.Kf5  0-1

[Event "Val Maubuee"]
[Site "Val Maubuee"]
[Date "1988.??.??"]
[Round "?"]
[White "Villeneuve, Alain"]
[Black "Apicella, Manuel"]
[Result "1/2-1/2"]
[WhiteElo "2335"]
[BlackElo "2355"]

1.Nf3 Nf6 2.c4 g6 3.Nc3 Bg7 4.e4 d6 5.d4 O-O 6.Be2 e5 7.Be3 Ng4 8.Bg5 f6
9.Bc1 Nc6 10.dxe5 Ngxe5 11.Nxe5 fxe5 12.O-O Nd4 13.Bg4 Qh4 14.Bxc8 Raxc8
15.Be3 Rf7 16.f3 Rcf8 17.Rf2 a6 18.Rb1 Qh5 19.Kh1 c6 20.Ne2 Nxe2 21.Rxe2 Rxf3
22.gxf3 Qxf3+ 23.Kg1 Qg4+ 24.Rg2 Qxe4 25.Bg5 Rf5 26.h4 Rf3 27.Qc2 Qd4+ 28.Kh1 e4
29.Rd1 Qe5 30.Qe2 Qf5 31.Kg1 Qc5+ 32.Rf2 Bd4 33.Rxd4 Qxd4 34.Kg2 Rxf2+ 35.Qxf2 Qxc4
36.Be7 h6 37.Bxd6 Kh7 38.Be5 Kg8 39.Bc3 c5 40.Qf6 Qe2+ 41.Kg1 Qd1+ 42.Kf2 Qc2+
43.Ke3 Qd3+ 44.Kf4 g5+ 45.hxg5 Qf3+ 46.Ke5 hxg5 47.Qxg5+ Kf8 48.Qf5+ Qxf5+
49.Kxf5 Ke7 50.Kxe4 Kd6 51.a4 b6 52.b3 Kc6 53.Bd2 a5 54.Ke5 b5 55.Bxa5 bxa4
56.bxa4 c4 57.Kd4 c3 58.Kxc3 Kb7  1/2-1/2

[Event "RSFSR-ch"]
[Site "Voronezh"]
[Date "1988.??.??"]
[Round "?"]
[White "Zilberstein, Valery I"]
[Black "Doroshkievich, Vladimir K"]
[Result "1/2-1/2"]
[WhiteElo "2350"]
[BlackElo "2390"]

1.d4 Nf6 2.c4 g6 3.Nc3 Bg7 4.e4 d6 5.Nf3 O-O 6.Be2 e5 7.Be3 h6 8.dxe5 Ng4
9.Bc1 Nxe5 10.Nd4 Nbc6 11.Be3 Nxd4 12.Bxd4 Be6 13.Qd2 Qg5 14.f4 Qxg2 15.O-O-O c5
16.Rdg1 Qh3 17.Rg3 Qh4 18.Bf2 Nxc4 19.Bxc4 Bxc4 20.Rxg6 Qe7 21.Qxd6 Qxd6
22.Rxd6 b6 23.Bh4 Bxc3 24.bxc3 Kh7 25.f5 Rg8 26.e5 Rg2 27.Bg3 Rxa2 28.Re1 Ra1+
29.Kb2 Rxe1 30.Bxe1 Rg8 31.Bg3 Rg5  1/2-1/2

[Event "Vrnjacka Banja"]
[Site "Vrnjacka Banja"]
[Date "1988.??.??"]
[Round "?"]
[White "Paunovic, Dragan"]
[Black "Gunawan, Ronny"]
[Result "1/2-1/2"]
[WhiteElo "2400"]
[BlackElo "2440"]

1.d4 Nf6 2.c4 g6 3.Nc3 Bg7 4.e4 d6 5.Be2 O-O 6.Nf3 e5 7.d5 a5 8.Bg5 h6 9.Bh4 Na6
10.Nd2 Nc5 11.O-O Bd7 12.b3 g5 13.Bg3 Nfxe4 14.Ndxe4 Nxe4 15.Nxe4 f5 16.f3 fxe4
17.fxe4 Rxf1+ 18.Kxf1 Qf6+ 19.Kg1 Qg6 20.Bg4 Bxg4 21.Qxg4 h5 22.Qe2 Rf8 23.Rf1 Rxf1+
24.Kxf1 g4 25.Be1 b6 26.Bd2 Bh6 27.Ke1 Bxd2+ 28.Kxd2 Qg5+ 29.Qe3 Qh4 30.h3 Kg7
31.g3 Qxh3 32.Qg5+  1/2-1/2

[Event "Vrnjacka Banja"]
[Site "Vrnjacka Banja"]
[Date "1988.??.??"]
[Round "?"]
[White "Paunovic, Dragan"]
[Black "Hazai, Laszlo"]
[Result "1/2-1/2"]
[WhiteElo "2400"]
[BlackElo "2440"]

1.d4 Nf6 2.c4 g6 3.Nc3 Bg7 4.e4 d6 5.Be2 O-O 6.Nf3 e5 7.d5 a5 8.Bg5 h6 9.Bh4 Na6
10.Nd2 Qe8 11.a3 Bd7 12.b3 Nh7 13.f3 h5 14.Rb1 Bh6 15.Bf2 Qe7 16.h4 c5 17.Bd3 f5
18.Qc2 Rf7 19.Ke2 Raf8 20.Rbe1 f4 21.Na2 Nf6 22.Qc3 b6 23.b4 axb4  1/2-1/2

[Event "Warsaw"]
[Site "Warsaw"]
[Date "1988.??.??"]
[Round "8"]
[White "Baumbach, Friedrich"]
[Black "Adamski, Andrzej"]
[Result "1/2-1/2"]
[WhiteElo "2315"]
[BlackElo "2275"]

1.d4 Nf6 2.c4 g6 3.Nc3 d6 4.e4 Bg7 5.Nf3 O-O 6.Be2 e5 7.O-O Nbd7 8.Re1 h6
9.Bf1 c6 10.Rb1 Nh7 11.dxe5 dxe5 12.b4 Qe7 13.c5 Ng5 14.Nxg5 hxg5 15.Be3 Bf6
16.Qc2 Kg7 17.b5 Rh8 18.bxc6 bxc6 19.Qa4 Nb8 20.Rb2 g4 21.Reb1 Bd7 22.Rb7 Bg5
23.Bxg5 Qxg5 24.g3 Qh6 25.Bg2 Qxh2+ 26.Kf1 Be6 27.Nd1 Nd7 28.Rc1 Rhc8 29.Rxa7 Rab8
30.Ra6 Qh6 31.Ne3 Rb2 32.Rxc6 Rxa2 33.Qxa2 Rxc6 34.Qa5 Qh8 35.Nd5 Qf8 36.Ke2  1/2-1/2